Keraleeya Gramangaliloode (Record no. 74112)

MARC details
000 -LEADER
fixed length control field 00401nam a2200133Ia 4500
008 - FIXED-LENGTH DATA ELEMENTS--GENERAL INFORMATION
fixed length control field 211109s9999||||xx |||||||||||||| ||und||
082 ## - DEWEY DECIMAL CLASSIFICATION NUMBER
Classification number 915.483
Item number KAT-K
100 ## - MAIN ENTRY--PERSONAL NAME
Personal name Kattakkada, Divakaran
245 #0 - TITLE STATEMENT
Title Keraleeya Gramangaliloode
260 ## - PUBLICATION, DISTRIBUTION, ETC.
Name of publisher, distributor, etc. National Book Stall
Place of publication, distribution, etc. Kottayam
Date of publication, distribution, etc. 1978
630 ## - SUBJECT ADDED ENTRY--UNIFORM TITLE
General subdivision GENERAL STACK
650 ## - SUBJECT ADDED ENTRY--TOPICAL TERM
Topical term or geographic name entry element history and geography
942 ## - ADDED ENTRY ELEMENTS (KOHA)
Koha item type BOOK
650 ## - SUBJECT ADDED ENTRY--TOPICAL TERM
Form subdivision geograph of and travel in asiaGeneralia
Holdings
Withdrawn status Lost status Damaged status Not for loan Home library Current library Date acquired Cost, normal purchase price Total Checkouts Full call number Barcode Shelving location Date last seen Price effective from Koha item type
        SB LIBRARY SB LIBRARY 09/11/2021 20.00   915.483 KAT-K 00058519 GENERAL STACK 09/11/2021 09/11/2021 BOOK

Powered by Koha